Deportivo Alavés Squad 2024-2025 - Statistics

General Stats
  • This quiz has been taken 167 times
    58 since last reset
  • The average score is 20 of 30
Answer Stats
# Position Nation Player % Correct
- Coach Spain Luis García
97%
17 FW Spain Kike García
94%
5 DF Morocco Abdel Abqar
82%
13 GK Equatorial Guinea Jesús Owono
82%
14 DF Argentina Nahuel Tenaglia
82%
1 GK Spain Antonio Sivera
79%
15 FW Spain Carlos Martín
79%
3 DF Spain Manu Sánchez
79%
7 FW Spain Carlos Vicente
76%
18 MF Spain Jon Guridi
76%
12 DF Uruguay Santiago Mouriño
76%
6 MF Spain Ander Guevara
74%
11 FW Spain Toni Martínez
74%
8 MF Spain Antonio Blanco
71%
- Coach Argentina Eduardo Coudet
71%
21 FW Algeria Abde Rebbach
68%
4 DF Serbia Aleksandar Sedlar
68%
24 MF Spain Joan Jordán
68%
22 DF Mali Moussa Diarra
65%
23 MF Uruguay Carlos Benavidez
62%
10 FW Argentina Tomás Conechny
62%
9 FW Spain Asier Villalibre
56%
31 GK Argentina Adrián Rodríguez
53%
21 MF Spain Carles Aleñá
53%
2 DF Malaysia Facundo Garcés
53%
20 FW Argentina Luka Romero
44%
16 DF Spain Hugo Novoa
41%
36 DF Spain Adrián Pica
38%
19 FW Spain Pau Cabanes
35%
19 FW Spain Stoichkov
32%
No matching quizzes found
Score Distribution
Percent of People with Each Score
Percentile by Number Answered
Your Score History
You have not taken this quiz since the last reset